| 000 | 01068 a2200181 4500 | ||
|---|---|---|---|
| 020 | _a0070533989 (paperback) | ||
| 020 | _a9780070533981 (paperback) | ||
| 082 | 0 | 4 | _a808.0427 |
| 090 |
_c4408 _d4408 |
||
| 100 | 1 | _aRobson, Andrew E. | |
| 245 | 1 | 0 |
_aThinking globally : _bwriting and reading across the curriculum / _cAndrew E Robson. |
| 250 | _a1st ed. | ||
| 260 |
_a[S.l.] : _bMcGraw-Hill Humanities/Social Sciences/Languages, _c1997. |
||
| 300 |
_a672 p. ; _c19 cm. |
||
| 520 | _aThis innovative reader takes a content-based and global approach to writing-across-the-curriculum. Recognizing that composition courses are the natural place in the college curriculum for the disciplines to meet, THINKING GLOBALLY offers students a variety of exciting opportunities to read and write about substantial and challenging essays from a wide range of disciplines. The text also features comprehensive treatment of writing and research concerns. | ||
| 856 | 4 | 0 |
_3Amazon.com _uhttp://www.amazon.com/exec/obidos/ASIN/0070533989/chopaconline-20 |
| 942 |
_aNBS _cBK _k808.4207 ROB |
||
| 999 |
_c346852 _d346852 |
||